| 000 | 00626nam a2200205 a 4500 | ||
|---|---|---|---|
| 003 | DO-SdBNP | ||
| 005 | 20240301123914.0 | ||
| 007 | ta | ||
| 008 | 220609b2022 dr a|||| |||| 00| 0 spa d | ||
| 020 | _a9789945933024 | ||
| 040 |
_aDO-SdBNP _bspa _cBNPHU |
||
| 082 | 4 | _222 | |
| 100 | 1 |
_aPérez, Ana Rosa, _d1956- _943507 |
|
| 245 | 1 | 0 |
_aContando con mi abecedario / _cAna Rosa Pérez ; ilustración Ismael Encarnación Valentín |
| 300 |
_a82 p. : _bil. ; _c24 cm. |
||
| 500 | _aIncluye datos bigráficos de la autora en la solapa de la cubierta | ||
| 590 | _aInventariado, 2022/BT | ||
| 910 | _aBtavárez | ||
| 942 |
_2ddc _cLBS1 |
||
| 999 |
_c51985 _d51985 |
||